[Event "Aintree op"]
[Site "Aintree"]
[Date "1998.06.05"]
[Round "1"]
[White "Jacobs, Martin"]
[Black "Littlewood, John Eric"]
[Result "0-1"]
[WhiteElo "2100"]
[BlackElo "2300"]
[PlyCount "80"]
[EventDate "1998.06.05"]
[EventType "swiss"]
[EventRounds "5"]
[EventCountry "ENG"]
[SourceTitle "EXT 2007"]
[Source "ChessBase"]
[SourceDate "2006.11.23"]
[SourceVersion "1"]
[SourceVersionDate "2006.11.23"]
[SourceQuality "1"]

1. d4 Nf6 2. c4 g6 3. g3 Bg7 4. Bg2 0-0 5. e4 d6 6. Ne2 e5 7. 0-0 exd4 8. Nxd4 Re8 9. Nc3 Nbd7 10. h3 Nc5 11. Re1 c6 12. Bg5 h6 13. Bf4 Nh5 14. Be3 Nf6 15. Qc2 a5 16. Rad1 Nfd7 17. Nb3 Ne6 18. Rxd6 Qe7 19. Red1 Ne5 20. Na4 Ng5 21. Nb6 Nxh3+ 22. Kf1 Be6 23. Nxa8 Bxc4+ 24. Ke1 Ng1 25. f4 Ngf3+ 26. Bxf3 Nxf3+ 27. Kf2 Bd5 28. R6xd5 cxd5 29. Rxd5 Nh2 30. Nb6 Ng4+ 31. Kf3 Nxe3 32. Kxe3 Qb4 33. Nd7 Qe1+ 34. Kf3 Rxe4 35. Rd3 Re8 36. Nbc5 b6 37. Nxb6 Bd4 38. Rxd4 Re3+ 39. Kg2 Rxg3+ 40. Kh2 Qg1# 0-1